Konsep dan peranan ulil amri di Malaysia

Bibliographic Details
Format: Book
Published: Kuala Lumpur : IKIM , 2004
Subjects:

MARC

LEADER 00000cam a2200000 7i4500
001 0000032223
005 20120525.0
008 120525
020 |a 9832636019 
090 0 0 |a 297.27209595   |b KON 
245 1 0 |a Konsep dan peranan ulil amri di Malaysia   |c penyunting Abdul Monir Yaakob   |f Suzalie Mohamad 
260 |a Kuala Lumpur :   |b IKIM ,   |c 2004 
650 0 |a Islam and politics   |z Malaysia 
650 0 |a Leadership   |x religious aspects   |x Islam 
650 0 |a Malaysia   |x politics and government 
999 |a 0001023922   |b Book   |c Adult Collection   |e Perbadanan Perpustakaan Awam Johor